|
|
|
|
| LEADER |
00996nam a2200277Ia 4500 |
| 008 |
240830s9999 xx 000 0 und d |
| 020 |
|
|
|a 978-970-10-2690-8
|
| 040 |
|
|
|a B-ESTELÍ- RUACS / 610.72 P769
|
| 041 |
|
|
|a spa
|
| 082 |
|
|
|a 610.72 P769
|
| 100 |
1 |
|
|a Polit, Denise F. Hungler, Bernadette P.
|
| 245 |
1 |
0 |
|a Investigación científica en ciencias de la salud.
|
| 250 |
|
|
|a 6a.ed
|
| 260 |
|
|
|a México
|b McGraw-Hill
|c 2000
|
| 300 |
|
|
|a 715p:il
|
| 650 |
7 |
|
|a INVESTIGACIÓN CIENTIFICA EN CIENCIA DE LA SALUD
|
| 650 |
7 |
|
|b PROCESO DE INVESTIGACIÓN CIENTIFICA
|
| 650 |
7 |
|
|c CONTEXTO DE LA INVESTIGACIÓN EN CIENCIAS DE LA SALUD
|
| 650 |
7 |
|
|d DISEÑO PARA LA INVESTIGACIÓN EN CIENCIAS DE LA SALUD
|
| 650 |
7 |
|
|e MEDICION Y COLECTA DE DATOS
|
| 650 |
7 |
|
|f ANÁLISIS DE LOS DATOS DE INVESTIGACIÓN
|
| 650 |
7 |
|
|g COMUNICACION EN EL PROCESO DE INVESTIGACIÓN
|
| 650 |
7 |
|
|h ELAVORACION DE UNA PROPUESTA DE INVESTIGACIÓN.
|
| 942 |
|
|
|c BK
|2 ddc
|
| 991 |
|
|
|a TEXTO
|
| 999 |
|
|
|c 11132
|